00561nam a2200217Ia 4500008004100000020001600041100001400057245002500071245003600096260001500132260002000147260000900167300001600176300002700192300001100219440003000230500004900260650001300309650001300322700000800335160803s9999 xx 000 0 und d a0 590067893 aHoff, Syd aMrs. Brice's mice /  cstory and pictures by Syd Hoff. aNew York : bScholastic Inc. c1988 a32 pages :  bcolor illustrations ;  c22 cm. aAn Early I can read book. aNew York : Harper Collins Publishers, c1988. aMice --  xFiction. a480